00261nam a2200097Ia 4500008004100000100001700041245005300058260002800111942000700139999001700146190216s9999||||xx |||||||||||||| ||und|| aDamodharan K 0aSamasthaniyangal Gaveshanathilum Ulpathanathilum bKerala Bhasha Institute cBK c37577d37577